Julio comienza en julio

Збережено в:
Бібліографічні деталі
Автори: Frías, Gustavo (Автор), Caiozzi, Silvio (Автор)
Формат: Книга
Мова:Іспанська
Опубліковано: Santiago Ediciones Universidad Mayor 1979
Santiago Ocho Libros Editores 1979
Редагування:1a. ed
Серія:Guiones Cinematográficos Chilenos, 1
Предмети:
Теги: Додати тег
Немає тегів, Будьте першим, хто поставить тег для цього запису!

MARC

LEADER 00000cam a2200000 a 4500
001 UCE7564
003 CL-VaPUC
008 150626e19790000cl |||||||||||||||||spa|d
020 |a 9789568018658 
082 0 4 |a 791.430983  |b FRI  |2 21 
100 0 |a Frías, Gustavo  |e author  |9 580226 
700 0 |a Caiozzi, Silvio  |e author  |9 482056 
245 1 0 |a Julio comienza en julio 
250 |a 1a. ed 
300 |a 161 p 
942 |c BK 
945 |d 20150626 15:30:00  |a dcastane 
260 |a Santiago  |b Ediciones Universidad Mayor  |c 1979 
260 |a Santiago  |b Ocho Libros Editores  |c 1979 
650 0 |a Guiones cinematográficos   |9 266811 
650 0 |a Cine chileno  |9 265165 
583 |a last modification  |c 20150626 15:30:00  |k Rodrigo Vera 
490 0 |a Guiones Cinematográficos Chilenos, 1 
999 |c 359621  |d 359619 
952 |0 0  |1 0  |3 erb  |4 0  |6 791_430983000000000_FRI_1979_1979  |7 0  |8 A  |9 469011  |a FDOSRS  |b FDOSRS  |i 5164877  |o 791.430983 FRI 1979 1979  |p 5164877  |r 2025-03-13  |w 2019-11-23  |y BK  |z Catalogado en:20150626  |k SRS